| 000 | 00856nam a2200277 u 4500 | ||
|---|---|---|---|
| 001 | 000020357 | ||
| 003 | DO-SdBNP | ||
| 005 | 20251106113413.0 | ||
| 007 | ta | ||
| 008 | 100813s1944 000 0 spa d | ||
| 040 |
_aDO-SdBNP _bspa _cBNPHU _erda |
||
| 082 |
_a338.17361 _bG934a _222 |
||
| 100 | 1 |
_aGuerra Sánchez, Ramiro _eautor _943021 |
|
| 245 | 1 | 0 |
_aAzúcar y población en las Antillas / _cRamiro Guerra y Sánchez. |
| 250 | _a3a edicián | ||
| 264 |
_aCuba, : _bCultural, _c1944. |
||
| 300 |
_a315 páginas ; _c20 cm. |
||
| 336 |
_2rdacontent _atexto _btxt |
||
| 337 |
_2rdamedia _asin mediación _bn |
||
| 338 |
_2rdacarrier _avolumen _bnc |
||
| 504 | _aIncluye referencias bibliográficas y notas al pie de las páginas | ||
| 590 | _aInventariado, 2024/DG | ||
| 650 | 0 |
_aIndustria azucarera _zCuba _97298 |
|
| 910 | _aDG | ||
| 942 |
_2ddc _cLBS1 |
||
| 999 |
_c19861 _d19861 |
||